| 000 | 00396nam a2200145 4500 | ||
|---|---|---|---|
| 999 |
_c8787 _d8787 |
||
| 003 | OSt | ||
| 005 | 20210108114032.0 | ||
| 008 | 210108b ||||| |||| 00| 0 eng d | ||
| 020 | _a9781864705720 | ||
| 082 |
_a808.066 _bSCH |
||
| 100 | _aSchmalz Bill | ||
| 245 | _aThe Architect's Guide to Writing: For Design and Construction Professionals | ||
| 260 |
_aAustralia _bImages publishing |
||
| 942 | _2ddc | ||